[Event "4NCL Division Two"]
[Site "Milton Keynes, ENG"]
[Date "2023.11.12"]
[Round "2.11"]
[White "Chopra, Tanmay"]
[Black "Batchelor, Peter J"]
[Result "1/2-1/2"]
[WhiteElo "2389"]
[BlackElo "2381"]
[PlyCount "65"]
[EventDate "2023.11.12"]
[WhiteTeam "Cambridge University 1"]
[BlackTeam "The Sharks 2"]

1. d4 Nf6 2. c4 e6 3. Nc3 Bb4 4. e3 d5 5. Nf3 O-O 6. Bd3 Nbd7 7. a3 dxc4 8.
Bxc4 Bd6 9. e4 e5 10. d5 Re8 11. O-O Nf8 12. Re1 Ng6 13. h3 Nh5 14. g3 h6 15.
Nh2 Nf6 16. h4 a6 17. Be3 b5 18. Bf1 Bd7 19. Qf3 Qe7 20. Rec1 Reb8 21. Nb1 Rc8
22. Nd2 c6 23. dxc6 Rxc6 24. Rxc6 Bxc6 25. Bh3 Nf8 26. Rc1 Bb7 27. Ng4 Nxg4 28.
Qxg4 Kh8 29. Nb3 a5 30. Nc5 Bc8 31. Qxc8 Rxc8 32. Bxc8 g6 33. Nb7 1/2-1/2

[Event "4NCL Division Two"]
[Site "Milton Keynes, ENG"]
[Date "2023.11.12"]
[Round "2.12"]
[White "Dong, Bao Nghia"]
[Black "McClement, Andrew"]
[Result "1-0"]
[WhiteElo "2359"]
[BlackElo "2228"]
[PlyCount "53"]
[EventDate "2023.11.12"]
[WhiteTeam "The Sharks 2"]
[BlackTeam "Cambridge University 1"]

1. e4 c5 2. Nf3 d6 3. d4 cxd4 4. Nxd4 Nf6 5. Nc3 e6 6. g4 h6 7. Rg1 Be7 8. Be3
Nc6 9. Nb3 d5 10. exd5 exd5 11. Qe2 Ne5 12. Bd4 Nc4 13. O-O-O Be6 14. f4 b5 15.
f5 b4 16. Bxf6 Bxf6 17. Nxd5 Bxb2+ 18. Kb1 Rc8 19. fxe6 Bf6 20. Nxf6+ Qxf6 21.
exf7+ Kxf7 22. Qxc4+ Rxc4 23. Bxc4+ Kg6 24. Bd3+ Kg5 25. Rdf1 Qb6 26. Rf5+ Kh4
27. Rh5# 1-0

[Event "4NCL Division Two"]
[Site "Milton Keynes, ENG"]
[Date "2023.11.12"]
[Round "2.13"]
[White "Bisby, Daniel L"]
[Black "Bremner, Adam"]
[Result "1/2-1/2"]
[WhiteElo "2276"]
[BlackElo "2279"]
[PlyCount "39"]
[EventDate "2023.11.12"]
[WhiteTeam "Cambridge University 1"]
[BlackTeam "The Sharks 2"]

1. e4 e5 2. Bc4 Nf6 3. d3 c6 4. Nf3 d5 5. Bb3 a5 6. a3 a4 7. Ba2 Bd6 8. Nc3 Be6
9. O-O Nbd7 10. Re1 O-O 11. Bg5 Qb6 12. Rb1 dxe4 13. Bxe6 exf3 14. Bxd7 Nxd7
15. Qxf3 Nc5 16. Be3 Qc7 17. Ne4 Nxe4 18. dxe4 Qe7 19. Rbd1 Bc5 20. Rd3 1/2-1/2

[Event "4NCL Division Two"]
[Site "Milton Keynes, ENG"]
[Date "2023.11.12"]
[Round "2.14"]
[White "Foisor, Mihaela-Veronica"]
[Black "Hill, Alistair"]
[Result "0-1"]
[WhiteElo "2205"]
[BlackElo "2148"]
[PlyCount "90"]
[EventDate "2023.11.12"]
[WhiteTeam "The Sharks 2"]
[BlackTeam "Cambridge University 1"]

1. d4 Nf6 2. c4 g6 3. Nc3 d5 4. cxd5 Nxd5 5. e4 Nxc3 6. bxc3 Bg7 7. Be3 c5 8.
Bb5+ Nc6 9. Ne2 cxd4 10. Bxd4 O-O 11. Bxc6 bxc6 12. Bxg7 Kxg7 13. Qd4+ Kg8 14.
O-O Qa5 15. Nc1 Rd8 16. Qe3 Qb6 17. Nb3 Qxe3 18. fxe3 Be6 19. Nd4 c5 20. Nc6
Rd7 21. Rfd1 Kf8 22. a3 Rc8 23. Ne5 Rb7 24. Rab1 Rcc7 25. Rd8+ Kg7 26. Rxb7
Rxb7 27. Ra8 Rb3 28. Rxa7 Rxc3 29. Kf2 c4 30. a4 Ra3 31. a5 c3 32. Ke2 Kf6 33.
Nd7+ Bxd7 34. Rxd7 Rxa5 35. Rc7 Ra2+ 36. Kf3 c2 37. Rc5 Ke6 38. h3 f6 39. g3 h5
40. h4 Kd6 41. Rc8 g5 42. hxg5 fxg5 43. e5+ Kxe5 44. Rc5+ Kd6 45. Rc8 Kd5 0-1

[Event "4NCL Division Two"]
[Site "Milton Keynes, ENG"]
[Date "2023.11.12"]
[Round "2.15"]
[White "Gallagher, Daniel GH"]
[Black "Birtwistle, Nigel"]
[Result "1-0"]
[WhiteElo "2214"]
[BlackElo "2163"]
[PlyCount "69"]
[EventDate "2023.11.12"]
[WhiteTeam "Cambridge University 1"]
[BlackTeam "The Sharks 2"]

1. e4 c5 2. Nf3 g6 3. c3 d5 4. exd5 Qxd5 5. d4 Bg7 6. Nbd2 cxd4 7. Bc4 Qd8 8.
Nxd4 Nf6 9. O-O O-O 10. N2f3 a6 11. Bf4 b5 12. Bb3 Bb7 13. a4 b4 14. cxb4 Nd5
15. Be5 Bxe5 16. Nxe5 e6 17. Qg4 Qf6 18. Rae1 Nf4 19. g3 Rd8 20. Ndf3 Nd3 21.
Re3 Nxe5 22. Nxe5 Nc6 23. Nxf7 Nd4 24. Nxd8 Rxd8 25. Bd1 h5 26. Qh4 Qxh4 27.
gxh4 Bd5 28. f4 Rb8 29. b5 axb5 30. a5 b4 31. Rd3 Nf5 32. Bb3 Ra8 33. Rxd5 Ne3
34. Re5 Nxf1 35. Kxf1 1-0

[Event "4NCL Division Two"]
[Site "Milton Keynes, ENG"]
[Date "2023.11.12"]
[Round "2.16"]
[White "Lentzos, Ioanis"]
[Black "Starley, Robert"]
[Result "1-0"]
[WhiteElo "2201"]
[BlackElo "2072"]
[PlyCount "79"]
[EventDate "2023.11.12"]
[WhiteTeam "The Sharks 2"]
[BlackTeam "Cambridge University 1"]

1. c4 Nf6 2. g3 e6 3. Bg2 d5 4. Nf3 c6 5. b3 Nbd7 6. O-O Be7 7. Bb2 O-O 8. Nc3
b6 9. d3 Bb7 10. e4 dxe4 11. dxe4 e5 12. Qc2 Qc7 13. Nd1 Rfe8 14. Ne3 Bc5 15.
Rfe1 a5 16. a3 Rac8 17. Rac1 Qb8 18. Bh3 b5 19. Ng4 Re6 20. Nxf6+ Rxf6 21. Kg2
Qc7 22. Bxd7 Qxd7 23. Nxe5 Qe6 24. f4 Rh6 25. f5 Qe7 26. Ng4 Rh5 27. Rcd1 Bxa3
28. Bxa3 Qxa3 29. Rd7 Ba6 30. Ra7 bxc4 31. bxc4 Qb4 32. Rb1 Qxc4 33. Qxc4 Bxc4
34. Rxa5 Bd3 35. Re1 Kf8 36. Re3 Bb5 37. h4 g5 38. Nf6 Rh6 39. hxg5 Ke7 40.
Ra7+ 1-0

[Event "4NCL Division Two"]
[Site "Milton Keynes, ENG"]
[Date "2023.11.12"]
[Round "2.17"]
[White "Sivanandan, Bodhana"]
[Black "Milson, Samuel A"]
[Result "1/2-1/2"]
[WhiteElo "2018"]
[BlackElo "2181"]
[PlyCount "84"]
[EventDate "2023.11.12"]
[WhiteTeam "Cambridge University 1"]
[BlackTeam "The Sharks 2"]

1. e4 e6 2. d4 d5 3. Nd2 dxe4 4. Nxe4 Nd7 5. Nf3 Ngf6 6. Nxf6+ Nxf6 7. Bd3 Be7
8. O-O O-O 9. c3 b6 10. Bg5 Bb7 11. Qe2 h6 12. Bxf6 Bxf6 13. Rad1 Qd5 14. c4
Qa5 15. Ne5 Bxe5 16. Qxe5 Qxe5 17. dxe5 Rfd8 18. Bc2 Kf8 19. f4 Ke7 20. g3 a5
21. Kf2 g5 22. f5 exf5 23. Bxf5 Bc6 24. Ke3 Rxd1 25. Rxd1 Rd8 26. Rxd8 Kxd8 27.
b3 Ke7 28. a3 f6 29. Kd4 Bb7 30. b4 axb4 31. axb4 Bc6 32. h4 Bb7 33. c5 bxc5+
34. bxc5 Bc6 35. Bg4 Bb7 36. Bf5 Bc6 37. Bg4 Bb7 38. Bf5 gxh4 39. gxh4 Bc6 40.
Bg4 Bb7 41. Bf5 Bc6 42. Bg4 Bb7 1/2-1/2

[Event "4NCL Division Two"]
[Site "Milton Keynes, ENG"]
[Date "2023.11.12"]
[Round "2.18"]
[White "McCarthy, Kevin C"]
[Black "Alldritt, Nigel R E"]
[Result "1/2-1/2"]
[WhiteElo "2001"]
[BlackElo "1999"]
[PlyCount "23"]
[EventDate "2023.11.12"]
[WhiteTeam "The Sharks 2"]
[BlackTeam "Cambridge University 1"]

1. d4 Nf6 2. Bf4 g6 3. Nc3 d5 4. Nf3 Bg7 5. e3 O-O 6. Be2 c5 7. O-O cxd4 8.
exd4 Nc6 9. Re1 Ne4 10. Bb5 Bg4 11. Bxc6 Nxc3 12. bxc3 1/2-1/2

[Event "4NCL Division Two"]
[Site "Milton Keynes, ENG"]
[Date "2023.11.12"]
[Round "2.21"]
[White "Kozusek, Daniel"]
[Black "Merry, Alan B"]
[Result "1/2-1/2"]
[WhiteElo "2353"]
[BlackElo "2437"]
[PlyCount "99"]
[EventDate "2023.11.12"]
[WhiteTeam "The Audible Checks"]
[BlackTeam "Barbican 4NCL"]

1. d4 Nf6 2. c4 e6 3. Nf3 d5 4. Nc3 dxc4 5. e4 b5 6. e5 Nd5 7. Nxb5 Nb6 8. Be2
Nc6 9. O-O Be7 10. Be3 O-O 11. a3 Bb7 12. Qc2 Na5 13. Rad1 Qd7 14. Nc3 Rab8 15.
Ng5 g6 16. Nge4 Nd5 17. Bh6 Rfd8 18. Na4 Qc6 19. Bf3 Qb5 20. Nac5 Ba8 21. Rd2
Nb3 22. Nxb3 Qxb3 23. Rc1 Qxc2 24. Rdxc2 Nb6 25. Be3 a5 26. Nd2 Bxf3 27. gxf3
Nd5 28. Nxc4 a4 29. Na5 Re8 30. Nc6 Rb3 31. Re2 Bf8 32. Rc4 Ra8 33. Kg2 Ra6 34.
Bc1 h5 35. Rec2 Ra8 36. Bd2 Rd3 37. Bg5 Kh7 38. Nd8 Kg8 39. Rxc7 Nxc7 40. Rxc7
Bg7 41. Nxf7 Rxd4 42. f4 Rb8 43. Nd6 Bxe5 44. fxe5 Rg4+ 45. Kf1 Rxg5 46. Ne4
Rf5 47. Nf6+ Rxf6 48. exf6 Rxb2 49. Ra7 Ra2 50. Rxa4 1/2-1/2

[Event "4NCL Division Two"]
[Site "Milton Keynes, ENG"]
[Date "2023.11.12"]
[Round "2.22"]
[White "Taylor, Martin R"]
[Black "Rudd, Jack"]
[Result "1-0"]
[WhiteElo "2339"]
[BlackElo "2340"]
[PlyCount "69"]
[EventDate "2023.11.12"]
[WhiteTeam "Barbican 4NCL"]
[BlackTeam "The Audible Checks"]

1. d4 Nf6 2. c4 g6 3. Nc3 Bg7 4. e4 d6 5. f3 O-O 6. Be3 c5 7. Nge2 Nc6 8. d5
Ne5 9. Ng3 e6 10. Be2 exd5 11. cxd5 a6 12. a4 Rb8 13. O-O Bd7 14. Rb1 b5 15.
axb5 axb5 16. b4 c4 17. h3 Nh5 18. Nxh5 gxh5 19. f4 Ng6 20. Rc1 f5 21. Bxh5
fxe4 22. Bg4 Nh4 23. Bd4 Nf5 24. Bxf5 Bxf5 25. Bxg7 Kxg7 26. Qd4+ Kg8 27. g4
Qh4 28. Rc2 Bg6 29. f5 Qxh3 30. Rg2 e3 31. Ne4 Rbe8 32. Ng5 Qh6 33. Ne6 Rxe6
34. dxe6 Be8 35. f6 1-0

[Event "4NCL Division Two"]
[Site "Milton Keynes, ENG"]
[Date "2023.11.12"]
[Round "2.23"]
[White "Rees, Ioan"]
[Black "Dishman, Stephen"]
[Result "1/2-1/2"]
[WhiteElo "2289"]
[BlackElo "2306"]
[PlyCount "68"]
[EventDate "2023.11.12"]
[WhiteTeam "The Audible Checks"]
[BlackTeam "Barbican 4NCL"]

1. d4 d5 2. Nf3 e6 3. c4 a6 4. cxd5 exd5 5. Nc3 c6 6. Bf4 Bd6 7. Bxd6 Qxd6 8.
Qc2 Ne7 9. e3 Bf5 10. Bd3 Bxd3 11. Qxd3 Nd7 12. O-O O-O 13. Rad1 Nf6 14. Ne5 c5
15. b3 Rac8 16. Na4 b5 17. Nc3 Rc7 18. e4 c4 19. bxc4 bxc4 20. Qf3 dxe4 21.
Nxe4 Nxe4 22. Qxe4 Nd5 23. Rc1 c3 24. Nd3 Re7 25. Qf3 Rfe8 26. g3 g6 27. Rc2
Kg7 28. Nc5 a5 29. Na4 Re1 30. Nc5 Nb4 31. Rxc3 Qxd4 32. Nb3 Qd7 33. Rc1 Rxf1+
34. Rxf1 Qb5 1/2-1/2

[Event "4NCL Division Two"]
[Site "Milton Keynes, ENG"]
[Date "2023.11.12"]
[Round "2.24"]
[White "Cox, John J"]
[Black "Jones, Steven A"]
[Result "1-0"]
[WhiteElo "2297"]
[BlackElo "2266"]
[PlyCount "75"]
[EventDate "2023.11.12"]
[WhiteTeam "Barbican 4NCL"]
[BlackTeam "The Audible Checks"]

1. c4 Nf6 2. Nf3 g6 3. Nc3 d5 4. cxd5 Nxd5 5. h4 Bg7 6. e4 Nxc3 7. dxc3 Qxd1+
8. Kxd1 Nd7 9. h5 O-O 10. h6 Bh8 11. Bf4 Nc5 12. Nd2 f5 13. Kc2 e5 14. Be3 Ne6
15. f3 Bf6 16. exf5 gxf5 17. Bd3 Bd7 18. Rh5 f4 19. Bf2 Be8 20. Rhh1 Bg6 21.
Ne4 Ng5 22. Rae1 Nxe4 23. Bxe4 Rae8 24. a4 a6 25. a5 Re6 26. Kb3 Bxe4 27. Rxe4
Kf7 28. Rc4 c6 29. Rb4 Rg8 30. Rxb7+ Re7 31. Rxe7+ Bxe7 32. Rh2 Rb8+ 33. Kc2
Kg6 34. Bb6 Kf5 35. Kd3 Rb7 36. Kc4 Rd7 37. b4 Rd2 38. g4+ 1-0

[Event "4NCL Division Two"]
[Site "Milton Keynes, ENG"]
[Date "2023.11.12"]
[Round "2.25"]
[White "Saunders, Aron"]
[Black "Sowray, Peter J"]
[Result "0-1"]
[WhiteElo "2115"]
[BlackElo "2152"]
[PlyCount "96"]
[EventDate "2023.11.12"]
[WhiteTeam "The Audible Checks"]
[BlackTeam "Barbican 4NCL"]

1. e4 c5 2. Nf3 d6 3. Bb5+ Nd7 4. d4 cxd4 5. Qxd4 a6 6. Be2 e5 7. Qe3 Ngf6 8.
O-O Be7 9. a4 Nc5 10. Nc3 O-O 11. Nd2 Bd7 12. Rd1 Bc6 13. a5 Qc7 14. Bf3 Rad8
15. Nf1 Ne6 16. Ng3 g6 17. Nge2 Rfe8 18. Qd3 Bf8 19. Be3 Nc5 20. Qc4 Rc8 21. b4
Ne6 22. Qb3 h6 23. h4 Bg7 24. Rd2 Nd4 25. Nxd4 exd4 26. Bxd4 Nxe4 27. Nxe4 Bxe4
28. Bxg7 Kxg7 29. Rad1 Bxf3 30. Qxf3 Re6 31. Qf4 Qc4 32. Rd4 Qxc2 33. Rxd6 Rc4
34. Qg3 Rxb4 35. Rd8 Rb1 36. Rxb1 Qxb1+ 37. Kh2 Qb4 38. Rd5 Re4 39. Kh3 Qe1 40.
Kh2 Qb4 41. Kh3 Rxh4+ 42. Qxh4 Qb3+ 43. Qg3 Qxd5 44. Qc3+ Kh7 45. Kh2 b6 46.
Qf6 bxa5 47. Qxa6 Qe5+ 48. g3 Qa1 0-1

[Event "4NCL Division Two"]
[Site "Milton Keynes, ENG"]
[Date "2023.11.12"]
[Round "2.26"]
[White "Pert, Max"]
[Black "Bullen, Alex"]
[Result "1-0"]
[WhiteElo "2151"]
[BlackElo "2146"]
[PlyCount "127"]
[EventDate "2023.11.12"]
[WhiteTeam "Barbican 4NCL"]
[BlackTeam "The Audible Checks"]

1. e4 c6 2. d4 d5 3. e5 Bf5 4. Nc3 h5 5. Bd3 Bxd3 6. Qxd3 e6 7. Nce2 Qa5+ 8. c3
Qa6 9. Qc2 c5 10. Nf3 Nc6 11. O-O cxd4 12. Nexd4 Rc8 13. Be3 Nge7 14. Rfe1 Nxd4
15. Nxd4 Nc6 16. f4 Nxd4 17. Bxd4 g6 18. Qf2 b6 19. b4 Qa4 20. Qb2 Rc4 21. Qb3
Qc6 22. Red1 Be7 23. a4 O-O 24. a5 bxa5 25. Rxa5 Bd8 26. b5 Qb6 27. Bxb6 Bxb6+
28. Rd4 Rxd4 29. cxd4 Bxa5 30. Qc2 Rb8 31. Qc6 Bb6 32. Qc3 Kg7 33. Kf2 Rb7 34.
f5 gxf5 35. Qg3+ Kf8 36. Qh4 Ke8 37. Ke3 Rc7 38. Qxh5 Rc3+ 39. Kd2 Rc4 40. Qh8+
Ke7 41. Qf6+ Ke8 42. h4 Rxd4+ 43. Kc2 Re4 44. h5 Bd4 45. Qh8+ Ke7 46. Qf6+ Ke8
47. h6 Rxe5 48. Qg5 Re4 49. h7 Rg4 50. Qg8+ Ke7 51. h8=Q Bxh8 52. Qxh8 Rxg2+
53. Kd3 Rg3+ 54. Ke2 Rb3 55. Qh4+ Kd6 56. Qa4 Rb1 57. Kd2 f4 58. Qxf4+ e5 59.
Qf6+ Kc7 60. Qxe5+ Kb6 61. Qd6+ Kb7 62. Qxd5+ Kb8 63. Qe5+ Kb7 64. Qe4+ 1-0

[Event "4NCL Division Two"]
[Site "Milton Keynes, ENG"]
[Date "2023.11.12"]
[Round "2.27"]
[White "Freeland, Alex"]
[Black "Brett, Andrew R"]
[Result "1/2-1/2"]
[WhiteElo "2016"]
[BlackElo "2066"]
[PlyCount "163"]
[EventDate "2023.11.12"]
[WhiteTeam "The Audible Checks"]
[BlackTeam "Barbican 4NCL"]

1. d4 Nf6 2. c4 e6 3. Nc3 Bb4 4. Nf3 d5 5. Bg5 h6 6. Bxf6 Qxf6 7. e3 O-O 8. Qb3
Bxc3+ 9. Qxc3 c6 10. Be2 Nd7 11. O-O dxc4 12. e4 c5 13. e5 Qe7 14. Bxc4 Rd8 15.
Rfd1 b6 16. d5 exd5 17. Bxd5 Rb8 18. Rd2 Nf8 19. Rad1 Bg4 20. h3 Bf5 21. Qc4
Re8 22. a3 Be6 23. Bxe6 Qxe6 24. Qxe6 Rxe6 25. Rd8 Re8 26. Rxb8 Rxb8 27. Kf1
Re8 28. g3 Ng6 29. Rd5 Kf8 30. Ke2 f6 31. Ke3 Nxe5 32. Nxe5 fxe5 33. Ke4 Re7
34. Rxe5 Rd7 35. Rd5 Re7+ 36. Re5 Rd7 37. Rf5+ Ke7 38. Rd5 Rc7 39. f4 b5 40. g4
a5 41. f5 a4 42. Re5+ Kf7 43. Kd5 b4 44. Re4 Kf6 45. axb4 cxb4 46. Rxb4 Ra7 47.
Rb6+ Kf7 48. h4 a3 49. bxa3 Ra5+ 50. Ke4 Rxa3 51. g5 Ra4+ 52. Ke5 Ra5+ 53. Kf4
Ra4+ 54. Ke5 Ra5+ 55. Kf4 Ra4+ 56. Kg3 hxg5 57. hxg5 Rc4 58. Kf3 Ra4 59. Rb7+
Kf8 60. g6 Rc4 61. Rf7+ Kg8 62. Re7 Kf8 63. Re4 Rc1 64. Kf4 Rf1+ 65. Kg5 Rg1+
66. Rg4 Rf1 67. Rg2 Ra1 68. Rg3 Rb1 69. Rg4 Rf1 70. Rc4 Rg1+ 71. Kf4 Rf1+ 72.
Ke5 Re1+ 73. Re4 Ra1 74. Rc4 Re1+ 75. Kd6 Rd1+ 76. Ke6 Re1+ 77. Kd7 Rd1+ 78.
Kc8 Rd5 79. f6 gxf6 80. Rc7 Rg5 81. Rf7+ Kg8 82. Rxf6 1/2-1/2

[Event "4NCL Division Two"]
[Site "Milton Keynes, ENG"]
[Date "2023.11.12"]
[Round "2.28"]
[White "Patel, Diah"]
[Black "Hng, Mei-Xian Eunice"]
[Result "0-1"]
[WhiteElo "1482"]
[BlackElo "2003"]
[PlyCount "62"]
[EventDate "2023.11.12"]
[WhiteTeam "Barbican 4NCL"]
[BlackTeam "The Audible Checks"]

1. e4 d6 2. d4 Nf6 3. Nc3 g6 4. Nf3 Bg7 5. g3 O-O 6. Bg2 Na6 7. O-O c5 8. Be3
Ng4 9. Bf4 cxd4 10. Nxd4 e5 11. h3 exd4 12. Nb5 Ne5 13. Qc1 Qb6 14. Na3 Be6 15.
Bh6 Bxh6 16. Qxh6 Qxb2 17. f4 Qxa3 18. f5 Qe3+ 19. Qxe3 dxe3 20. fxe6 fxe6 21.
Rfe1 Nf3+ 22. Bxf3 Rxf3 23. Kg2 Raf8 24. Rab1 Nc5 25. Rb3 Nxb3 26. cxb3 Rf2+
27. Kg1 e2 28. g4 Rf1+ 29. Rxf1 exf1=Q+ 30. Kh2 Rf3 31. a3 Rxh3# 0-1

[Event "4NCL Division Two"]
[Site "Milton Keynes, ENG"]
[Date "2023.11.12"]
[Round "2.31"]
[White "Brewer, Callum D"]
[Black "Bowcott-Terry, Finlay"]
[Result "1-0"]
[WhiteElo "2128"]
[BlackElo "2303"]
[PlyCount "65"]
[EventDate "2023.11.12"]
[WhiteTeam "Sussex Martlets 1"]
[BlackTeam "Warwickshire Select 1"]

1. e4 c5 2. Nf3 Nc6 3. Bb5 e6 4. Bxc6 bxc6 5. d3 Ne7 6. Nbd2 Ng6 7. h4 h5 8. e5
f6 9. Qe2 Qc7 10. Nc4 Ba6 11. Qe4 Kf7 12. Bf4 Nxf4 13. Qxf4 Rh6 14. Rg1 Kg8 15.
g4 fxe5 16. Qxe5 d6 17. Qe3 e5 18. gxh5 Kh8 19. O-O-O Qf7 20. Ng5 Qxh5 21. Nd2
Bc8 22. Rdf1 Be6 23. f4 exf4 24. Rxf4 Bg8 25. Rgf1 Rf6 26. Nde4 Rxf4 27. Qxf4
d5 28. Ng3 Qg6 29. Qxf8 Rxf8 30. Rxf8 c4 31. Nf5 Qh5 32. Ne7 Qe2 33. Ng6# 1-0

[Event "4NCL Division Two"]
[Site "Milton Keynes, ENG"]
[Date "2023.11.12"]
[Round "2.32"]
[White "Baker, Chris W"]
[Black "Graham, David B"]
[Result "1/2-1/2"]
[WhiteElo "2258"]
[BlackElo "2158"]
[PlyCount "39"]
[EventDate "2023.11.12"]
[WhiteTeam "Warwickshire Select 1"]
[BlackTeam "Sussex Martlets 1"]

1. d4 Nf6 2. Nf3 g6 3. c4 Bg7 4. g3 d6 5. Bg2 O-O 6. O-O c5 7. Nc3 Nc6 8. d5
Na5 9. Nd2 e6 10. Qc2 exd5 11. cxd5 Bd7 12. Nde4 Nxe4 13. Nxe4 Bf5 14. Bd2 Re8
15. Qa4 Bxe4 16. Bxe4 b5 17. Qxb5 Rxe4 18. Bxa5 Rb8 19. Qd3 Qe7 20. Bc3 1/2-1/2

[Event "4NCL Division Two"]
[Site "Milton Keynes, ENG"]
[Date "2023.11.12"]
[Round "2.33"]
[White "Willson, Ollie"]
[Black "Pitcher, John"]
[Result "1/2-1/2"]
[WhiteElo "2100"]
[BlackElo "2315"]
[PlyCount "92"]
[EventDate "2023.11.12"]
[WhiteTeam "Sussex Martlets 1"]
[BlackTeam "Warwickshire Select 1"]

1. e4 c5 2. Nf3 e6 3. d4 cxd4 4. Nxd4 Nc6 5. Nc3 Qc7 6. Be3 a6 7. Qd2 Nf6 8.
O-O-O Be7 9. f4 b5 10. e5 b4 11. Ncb5 axb5 12. Nxb5 Qb8 13. exf6 gxf6 14. Kb1
d5 15. Qf2 Ba6 16. Bb6 Bxb5 17. Bxb5 Qb7 18. Rhe1 Rb8 19. Bxc6+ Qxc6 20. Bd4
Rg8 21. Rd2 f5 22. Qf3 Rg6 23. Rc1 Qa6 24. b3 Rc8 25. c4 bxc3 26. Bxc3 Kd7 27.
Rdc2 Ba3 28. Bb2 Rxc2 29. Rxc2 Bxb2 30. Kxb2 Qb6 31. Qc3 d4 32. Qc8+ Kd6 33.
Qf8+ Kd5 34. Qa8+ Kd6 35. Qf8+ Kd5 36. Qa8+ Kd6 37. Rd2 e5 38. Qf8+ Kd5 39.
Qxf7+ Ke4 40. Re2+ Kxf4 41. Rf2+ Ke4 42. Qxf5+ Kd5 43. Qf3+ Kd6 44. Qf8+ Kd5
45. Qf3+ Kd6 46. Qf6+ Kd5 1/2-1/2

[Event "4NCL Division Two"]
[Site "Milton Keynes, ENG"]
[Date "2023.11.12"]
[Round "2.34"]
[White "Shearsby, Jude"]
[Black "Payne, Matthew J"]
[Result "0-1"]
[WhiteElo "2237"]
[BlackElo "2074"]
[PlyCount "54"]
[EventDate "2023.11.12"]
[WhiteTeam "Warwickshire Select 1"]
[BlackTeam "Sussex Martlets 1"]

1. e4 e6 2. d4 d5 3. Nc3 Nf6 4. e5 Nfd7 5. f4 c5 6. Nf3 Nc6 7. Be3 Be7 8. Qd2
O-O 9. O-O-O c4 10. f5 b5 11. fxe6 fxe6 12. Nxb5 Bb4 13. c3 Rb8 14. Nxa7 Bxc3
15. Qxc3 Nxa7 16. Ng5 Qb6 17. Qc2 g6 18. Re1 Qa5 19. Re2 Qxa2 20. Nxe6 Nxe5 21.
dxe5 Bxe6 22. b4 Qa1+ 23. Qb1 Qc3+ 24. Qc2 Qxb4 25. Qa2 Qc3+ 26. Kd1 Qd3+ 27.
Kc1 Bf5 0-1

[Event "4NCL Division Two"]
[Site "Milton Keynes, ENG"]
[Date "2023.11.12"]
[Round "2.35"]
[White "Kolani, Arjun"]
[Black "Valdepenas Octavio, Javier"]
[Result "1/2-1/2"]
[WhiteElo "2081"]
[BlackElo "2225"]
[PlyCount "88"]
[EventDate "2023.11.12"]
[WhiteTeam "Sussex Martlets 1"]
[BlackTeam "Warwickshire Select 1"]

1. e4 e5 2. Nf3 Nc6 3. Bc4 Bc5 4. c3 Nf6 5. d3 O-O 6. O-O d5 7. exd5 Nxd5 8. a4
a6 9. a5 Bf5 10. Re1 Nf6 11. b4 Ba7 12. h3 Re8 13. Ng5 Bg6 14. Qb3 Qd7 15. Nd2
h6 16. Nge4 Qf5 17. Nf3 Nxe4 18. dxe4 Qf6 19. Bd5 Bh5 20. Bxc6 Qxc6 21. g4 Bg6
22. Nd2 Qf6 23. Re2 h5 24. Kg2 hxg4 25. hxg4 Qh4 26. f3 Rad8 27. Qc4 Qe7 28.
Nf1 Qe6 29. Qxe6 Rxe6 30. Be3 Bxe3 31. Nxe3 f6 32. Rc2 Red6 33. Raa2 Kf8 34.
Rab2 c6 35. Kf2 Kf7 36. Nc4 Rd3 37. Ke2 Ke7 38. Rb1 R3d7 39. Rbb2 Bf7 40. Ne3
Be6 41. Rd2 Rh8 42. Rxd7+ Bxd7 43. Kd3 Rh3 44. Rf2 g6 1/2-1/2

[Event "4NCL Division Two"]
[Site "Milton Keynes, ENG"]
[Date "2023.11.12"]
[Round "2.36"]
[White "Paterson, Andrew I"]
[Black "Blake, J Morgan"]
[Result "1-0"]
[WhiteElo "2108"]
[BlackElo "2121"]
[PlyCount "129"]
[EventDate "2023.11.12"]
[WhiteTeam "Warwickshire Select 1"]
[BlackTeam "Sussex Martlets 1"]

1. d4 d5 2. Nf3 Nf6 3. c4 e6 4. Nc3 Be7 5. e3 O-O 6. Bd3 dxc4 7. Bxc4 a6 8. O-O
b5 9. Bd3 Bb7 10. b3 Nbd7 11. Bb2 c5 12. Rc1 cxd4 13. Nxd4 Nc5 14. Bb1 b4 15.
Nce2 Qb6 16. f3 Nd5 17. Qd2 Rfd8 18. Kh1 Bf8 19. e4 Ne7 20. Qg5 Ng6 21. Rfd1 e5
22. Nf5 Ne6 23. Qg3 Qb5 24. Qe1 Bc5 25. Neg3 a5 26. Nf1 Qb6 27. N1e3 Nd4 28.
Nc4 Qa7 29. Rd2 a4 30. bxa4 Ba6 31. Na5 Qb6 32. Nb3 Nxb3 33. axb3 Rxd2 34. Qxd2
Rd8 35. Qc2 Bd3 36. Qxc5 Qxc5 37. Rxc5 Bxb1 38. Ne3 Rd3 39. Rc8+ Nf8 40. Bc1
Rxb3 41. Kg1 f6 42. Nd5 Kf7 43. Bd2 Ne6 44. Bxb4 Ba2 45. Rc1 Rb1 46. Rxb1 Bxb1
47. a5 Bd3 48. Bd6 Ba6 49. Nb4 Bb7 50. a6 Ba8 51. a7 Nf4 52. Kf2 Ke6 53. Bf8
Kf7 54. Bc5 Ke8 55. g3 Ne6 56. Nd5 Nxc5 57. Nc7+ Kd7 58. Nxa8 Na4 59. Nc7 Nb6
60. a8=Q Nxa8 61. Nxa8 Kc6 62. f4 Kb7 63. Kf3 Kxa8 64. fxe5 fxe5 65. Kg4 1-0

[Event "4NCL Division Two"]
[Site "Milton Keynes, ENG"]
[Date "2023.11.12"]
[Round "2.37"]
[White "Rogacewicz, Mikolaj"]
[Black "Fallowfield, Jeremy R"]
[Result "1/2-1/2"]
[WhiteElo "2142"]
[BlackElo "2199"]
[PlyCount "104"]
[EventDate "2023.11.12"]
[WhiteTeam "Sussex Martlets 1"]
[BlackTeam "Warwickshire Select 1"]

1. d4 Nf6 2. c4 g6 3. Nc3 Bg7 4. e4 d6 5. f3 O-O 6. Be3 c5 7. Nge2 Nc6 8. d5
Ne5 9. Ng3 h5 10. Be2 h4 11. Nf1 e6 12. Bg5 Qb6 13. Qd2 exd5 14. exd5 Re8 15.
Ne3 h3 16. g4 Nh7 17. Bf4 g5 18. Bg3 Ng6 19. O-O-O Be5 20. Bd3 Nhf8 21. Ne4 Qd8
22. Kb1 Nf4 23. Rde1 N8g6 24. Nf2 Qf6 25. Bf1 Bd7 26. Bxh3 Nxh3 27. Nxh3 b5 28.
Nf2 Qxf3 29. Bxe5 Nxe5 30. h4 Qf4 31. hxg5 Nf3 32. Qc3 Qe5 33. Qxe5 Rxe5 34.
Nd3 Re4 35. Nf5 Nxe1 36. Nxe1 Bxf5 37. gxf5 Rae8 38. Nf3 Re3 39. Rf1 R8e4 40.
Nd2 Re1+ 41. Kc2 Rxf1 42. Nxe4 bxc4 43. Nxd6 Rf4 44. g6 fxg6 45. fxg6 Kg7 46.
Nb7 Rd4 47. d6 Kxg6 48. Kc3 Kf5 49. a4 Ke5 50. Nxc5 Rxd6 51. Kxc4 Rc6 52. b4
Kd6 1/2-1/2

[Event "4NCL Division Two"]
[Site "Milton Keynes, ENG"]
[Date "2023.11.12"]
[Round "2.38"]
[White "Dicen, Imogen"]
[Black "Graham, Cassie M"]
[Result "1/2-1/2"]
[WhiteElo "1984"]
[BlackElo "2019"]
[PlyCount "92"]
[EventDate "2023.11.12"]
[WhiteTeam "Warwickshire Select 1"]
[BlackTeam "Sussex Martlets 1"]

1. e4 c5 2. Nc3 Nc6 3. g3 g6 4. Bg2 Bg7 5. Nge2 d6 6. O-O e6 7. d3 Nge7 8. Be3
O-O 9. Qd2 Nd4 10. Nd1 Rb8 11. c3 Nxe2+ 12. Qxe2 b6 13. f3 Ba6 14. Nf2 Nc6 15.
Qd2 d5 16. Rad1 d4 17. Bg5 dxc3 18. bxc3 Qd7 19. Bh6 Rbd8 20. Rfe1 e5 21. Bh3
Qe7 22. Qe3 Rd6 23. Bxg7 Kxg7 24. Bf1 Rfd8 25. h4 h5 26. Kh2 c4 27. dxc4 Rxd1
28. Rxd1 Rxd1 29. Nxd1 Na5 30. Qd2 Bxc4 31. Bxc4 Nxc4 32. Qd5 Qc7 33. Kh3 a6
34. Nf2 Kf6 35. g4 a5 36. Nd3 Ne3 37. g5+ Ke7 38. Qxe5+ Qxe5 39. Nxe5 Nd1 40.
c4 Nc3 41. a3 Nb1 42. c5 bxc5 43. Nc4 a4 44. Kg3 Nc3 45. Nb6 Kd6 46. Nc4+ Ke7
1/2-1/2

[Event "4NCL Division Two"]
[Site "Milton Keynes, ENG"]
[Date "2023.11.12"]
[Round "2.41"]
[White "Maycock Bates, David Henry"]
[Black "Chopra, Manmay"]
[Result "1-0"]
[WhiteElo "2305"]
[BlackElo "2173"]
[PlyCount "97"]
[EventDate "2023.11.12"]
[WhiteTeam "CSC/Kingston 1"]
[BlackTeam "Cambridge University 2"]

1. e4 e6 2. d4 d5 3. Nc3 Nf6 4. Bg5 dxe4 5. Nxe4 Be7 6. Bxf6 gxf6 7. c3 f5 8.
Nd2 a6 9. Qh5 Nd7 10. g3 Nf6 11. Qe2 Qd5 12. Ngf3 Ne4 13. Nxe4 Qxe4 14. Qxe4
fxe4 15. Nd2 f5 16. f3 exf3 17. Nxf3 Bf6 18. Bc4 Bd7 19. O-O O-O-O 20. Rae1
Rde8 21. Rf2 Re7 22. Rfe2 Rhe8 23. Kf2 c6 24. a4 a5 25. Ne5 Kc7 26. Nd3 b6 27.
Kf3 Kd6 28. Ne5 Bc8 29. Rb1 Bb7 30. Kf2 f4 31. gxf4 Bh4+ 32. Ke3 Rg7 33. b4
axb4 34. Rxb4 Bd8 35. Bd3 Rf8 36. Be4 Rg1 37. Rb1 Rxb1 38. Bxb1 b5 39. axb5
cxb5 40. Bxh7 Bb6 41. Be4 Bxe4 42. Kxe4 Rc8 43. Rc2 Ke7 44. h4 Ba5 45. c4 Be1
46. c5 b4 47. h5 Kf6 48. c6 Bc3 49. Rg2 1-0